000 01341nam a2200241Ia 4500
003 Ost
005 20260507075326.0
008 260507s9999||||xx |||||||||||||| ||und||
020 _a20763799779
040 _cfsecg
041 _aara
082 _a330
100 _aتوفيق، محب خلة
_eمؤلف
245 0 _aالهندسة المالية :
_bالاطار النظري و التطبيقي لأنشطة التمويل و الاستثمار /
_c محب خلة توفيق
260 _aالاسكندرية:
_bدار الفكر الجامعي,
_c2011
300 _a379 صفحة؛
_bإيضاحات ؛
_c25 سم
520 _aالاطار العام لعلم التمويل و الاستثمار ، مفاهيم الأسواق المالية و الفاعلون الرئيسيون فيها و أنوع و أدوات الأسواق المالية ، التحليل الاقتصادي لها ، بورصة الأوراق المالية مع التطبيق على البورصة المصرية البنوك التجارية و صناديق الاستثمار ، شركات التأمين ، دراسة و تحليل البيانات و القوائم و التقارير المالية
653 _aالاستثمار
653 _aالبورصات
653 _aالتمويل
653 _aالمالية
942 _cكتاب
999 _c43966
_d43966